• 首页
  • 本馆介绍
  • 公告通知
  • 最新文献
  • 馆藏检索
  • 电子资源
  • 读者导购
  • 参考咨询
  • 我的图书馆
  • 登录
  • 详细信息显示
  • 放入我的书架
  • 预约/预借图书
  • 作者相关作品
  • 分类相关作品
  • 丛书相关作品
  • 出版社相关作品

书目信息

  • 表格格式
  • 工作单格式
  • 卡片格式
题名:
光栅尺支架夹具设计及数控加工
    
 
作者: 张方阳 , 侯柏林 , 陈兵 著
分册:  
出版信息: 北京   科学出版社  2019
页数: 91页
开本: 24cm
丛书名:
单 册:
中图分类: TG70
科图分类:
主题词: 光栅尺--支架--夹具--设计 , 光栅尺--支架--夹具--数控机床--加工
电子资源:
ISBN: 978-7-03-062820-6
000 01164nam0 2200265 450
001 2149088728
005 20210104133821.11
010    @a978-7-03-062820-6@dCNY69.00
100    @a20200409d2019 em y0chiy50 ea
101 0  @achi
102    @aCN@b110000
105    @aak az 000yy
200 1  @a光栅尺支架夹具设计及数控加工@9guang zha chi zhi jia jia ju she ji ji shu kong jia gong@b专著@f张方阳,侯柏林,陈兵著
210    @a北京@c科学出版社@d2019
215    @a91页@c图@d24cm
320    @a有书目
330    @a本书结合编者多年相关研究及教学实践经验,尤其是近年来课程改革的体会编写。全书贯穿专用夹具设计的主线,对光栅尺支架夹具设计及数控加工作了较为翔实的介绍。本书以光栅尺支架实际产品的加工为例,先后分4种方案,对专用产品的夹具设计、加工工艺、工作过程、工艺分析、程序编写、加工实施等进行了论述。经过实际加工检验,4种方案都是成功的,设计出的产品夹具结构简单,制造容易,可以灵活扩展。
606 0  @a光栅尺@x支架@x夹具@x设计
606 0  @a光栅尺@x支架@x夹具@x数控机床@x加工
690    @aTG70@v5
701  0 @a张方阳@9zhang fang yang@4著
701  0 @a侯柏林@9hou bai lin@4著
701  0 @a陈兵@9CHEN BING@4著
801  2 @aCN@b58marc.cn@c20200617
905    @aZUCC@dTG70@e1
    
    光栅尺支架夹具设计及数控加工/张方阳,侯柏林,陈兵著.-北京:科学出版社,2019
    91页:图;24cm
    
    
    ISBN 978-7-03-062820-6:CNY69.00
    本书结合编者多年相关研究及教学实践经验,尤其是近年来课程改革的体会编写。全书贯穿专用夹具设计的主线,对光栅尺支架夹具设计及数控加工作了较为翔实的介绍。本书以光栅尺支架实际产品的加工为例,先后分4种方案,对专用产品的夹具设计、加工工艺、工作过程、工艺分析、程序编写、加工实施等进行了论述。经过实际加工检验,4种方案都是成功的,设计出的产品夹具结构简单,制造容易,可以灵活扩展。
●
相关链接 在五车中查询图书 在当当中查询图书 在豆瓣中查询图书


正题名:光栅尺支架夹具设计及数控加工     索取号:TG70/1         预约/预借

序号 登录号 条形码 馆藏地/架位号 状态 备注
1 2000877698   2000877698   第二书库/ [索取号:TG70/1] 在馆    
2 2000877699   2000877699   第二书库/ [索取号:TG70/1] 在馆    
3 2000877700   2000877700   第二书库/ [索取号:TG70/1] 已借出,限还日期为2026.01.03
借出人:郝瑞敬  
 
山东省滨州职业学院图书馆 欢迎您!
大连网信软件有限公司© 版权所有